000
00288nam a22001217a 4500
008
181121b xxu||||| |||| 00| 0 eng d
041
_a
eng
080
_a
531
100
_a
43
101
_a
FIZ
245
_a
Light Science Physics And The Visual Arts
_c
Rossing.TH.D
942
_2
udc
_c
BK
999
_c
52273
_d
52273